000 00661nam a2200217 a 4500
001 000805135
003 AM-YEHGA
005 20250617160722.0
008 110421s1961 ||||||||||||||||||||rus|c
040 _aAM-YeHGA
041 0 _arus
100 1 _aНиконова, Н.И.
245 1 0 _aРедис /
_cН.И. Никонова ; Ред. Н.С. Синицына.
260 _aМосква :
_bСельхозгиз,
_c1961.
300 _a72 с. :
_bил. ;
_c20 см.
504 _aСписок лит. : с. 71
650 1 4 _aРедис
_xагротехника
700 1 _aСиницына, Н.С.
_eред.
_4edt
942 _2udc
_cBK
090 _c462155
999 _c459086
_d459086